00885cam 22002651 4500001000800000005001700008008004100025035002100066906004500087010001700132035001800149040002600167050001400193082000800207100003300215245010800248260004400356300002500400500005500425504003200480650001600512985002100528991004200549099002800591876476419980421191743.0740208s1935 nyu b 000 0 eng  9(DLC) 35013396 a7bcbccoclcrplduencipf19gy-gencatlg a 35013396  a(OCoLC)794411 aDLCcOOxMdOCoLCdDLC00aBH21b.R3 a7011 aRader, Melvin Miller,d1903-12aA modern book of esthetics;ban anthology,cedited, with introduction and notes, by Melvin M. Rader ... aNew York,bH. Holt and Companyc[c1935] axxxv, 504 p.c22 cm. a"Designed as a survey of recent esthetics."--Pref. aBibliography: p. [475]-495. 0aAesthetics. eOCLC REPLACEMENT bc-GenCollhBH21i.R3tCopy 1wOCLCREP arader-modern-1072017708